000 01079cam a2200229 4500
001 L128324
002 7941
008 041216n2004 000 0 eng u
020 _a0406971374
035 _a(Sirsi) u128324
041 _aeng
050 _a346.41043
_c18
100 _aBurn, E. H.
245 _aMaudsley and Burn's land law
_bcases and materials
250 _a8th ed.
260 _aOxford
_bOxford University Press
_c2004
300 _acxx, 1043p.
_c25cm.
350 _a29.95
520 _aProvides an up-to-date collection of essential readings in land law. Brings together a wide selection of cases, statutes and extracts from books, articles and law reform reports. Linked to these are passages of explanation and comment with questions. Presents a thought-provoking exposition of all aspects of land law in four divisions: basic concepts, family interests, commercial interests and control of land. The law is stated as at 1 July 2004 with some more recent developments incorporated where possible.
690 _aPlanning and development
_96259
942 _n0
999 _c103890
_d103890